Resource and environmental issues relevant to Mediterranean fisheries management

Αποθηκεύτηκε σε:
Λεπτομέρειες βιβλιογραφικής εγγραφής
Συγγραφή απο Οργανισμό/Αρχή: General Fisheries Council for the Mediterranean
Μορφή: Βιβλίο
Γλώσσα:English
Δημοσίευση: Rome : Food and Agriculture Organization of the United Nations, 1996
Σειρά:Studies and reviews ; ; 66
Θέματα:
Ετικέτες: Προσθήκη ετικέτας
Δεν υπάρχουν, Καταχωρήστε ετικέτα πρώτοι!

MARC

LEADER 00000nam a2200000 i 4500
001 1/5125
008 000602s1996 eng d
020 |a 92-5-103826-0 
035 |l 10061474 
040 |a GR-MY-UA  |b gre  |e aacr 
041 0 |a eng 
082 0 |a 333.956091638 
110 2 |a General Fisheries Council for the Mediterranean. 
245 1 0 |a Resource and environmental issues relevant to Mediterranean fisheries management /  |c General Fisheries Council for the Mediterranean 
260 |a Rome :   |b Food and Agriculture Organization of the United Nations,   |c 1996 
300 |a 142 p.  |b tables 
490 1 |a Studies and reviews  |v ; 66  |x 0374-7840 
650 0 0 |a Fishery management  |z Mediterranean Sea. 
650 0 0 |a Fishes  |x Conservation  |z Mediterranean Sea. 
650 0 0 |a Fishery resources  |z Mediterranean Sea. 
830 0 |a Studies and reviews ;  |v ; 66  |x 0374-7840 
852 |a INST  |b LESVOS  |e 20000602  |h 333.956091638 GEN  |p 005100025454  |q 005100025454  |t BK  |y 0 
901 |a BIBL1-2000-3 
909 |a Λ  |b 080115 
922 |a 1ΕΛΗ  |b 200005  |c ΤΑΚ/ΤΓ  |d LEADER 
950 |a 118-1999-09-20 
970 |a ΤΖΑΦΕΡΗ  |b ΕΥΑΓΓΕΛΙΑ  |z 2000/11/22